Normal view
MARC view
- Electrical Engineering MS-NUST
Entry Topical Term
001 - CONTROL NUMBER
- control field: 35345
003 - CONTROL NUMBER IDENTIFIER
- control field: NUST
005 - DATE AND TIME OF LATEST TRANSACTION
- control field: 20201117141535.0
008 - FIXED-LENGTH DATA ELEMENTS
- fixed length control field: 201117|| aca||aabn | a|a d
040 ## - CATALOGING SOURCE
- Original cataloging agency: NUST
- Transcribing agency: NUST
150 ## - HEADING--TOPICAL TERM
- Topical term or geographic name entry element: Electrical Engineering MS-NUST
670 ## - SOURCE DATA FOUND
- Source citation: Work cat.: (NUST): Anwar Saira 2016 35344, Detection &Parameter Estimation of Frequency Hopping (FH) Signal /
